000 006150000a22001930004500
999 _c59874
_d59874
001 768714001
003 CO-MdFUSB
005 20170718100412.0
008 170718s1990 ag ||||| |||| 00| 0 spa d
022 _a0122-2996
040 _aCO-MdFUSB
_bspa
_cCO-MdFUSB
_dCO-MdFUSB
041 _aspa
100 1 _aNúñez, Benjamín
_eautor
245 1 0 _aViolencia y derechos humanos en Chile
300 _aVolumen 22. Número 39 (1990), Páginas 165-172
_c22 cm.
546 _aTexto en español
773 0 _tBoletín Teológico
_049507
_961471
_gVolumen 22. Número 39 (1990), Páginas 165-172
_qPágina 165
942 _cANA